Resoluciones del Tribunal Permanente de los Pueblos (V): las intervenciones de los Estados Unidos de América en Nicaragua
Na minha lista:
| Formato: | Livro |
|---|---|
| Idioma: | Spanish |
| Tags: |
Adicionar Tag
Sem tags, seja o primeiro a adicionar uma tag!
|
MARC
| LEADER | 00000nam a22000007a 4500 | ||
|---|---|---|---|
| 003 | cru CIDCACS/IIS | ||
| 005 | 20230207104508.0 | ||
| 007 | ta | ||
| 008 | 230207s1985 sp |||p|r|||| 00| 0 spa d | ||
| 040 | |c cru CIDCACS/IIS | ||
| 245 | |a Resoluciones del Tribunal Permanente de los Pueblos (V): |b las intervenciones de los Estados Unidos de América en Nicaragua | ||
| 300 | |a páginas 103-129 | ||
| 500 | |a Colección Centroamérica | ||
| 773 | 0 | |0 43305 |9 5266 |a Centre d'Informació i Documentació Internacionals a Barcelona |d Barcelona, España: Centre d'Informació i Documentació Internacionals a Barcelona, 1982- |o 21175 |t Revista CIDOB D' Afers Internationals / |x 02121786 | |
| 942 | |2 ddc |c PP | ||
| 999 | |c 44718 |d 44718 | ||
